<?xml version="1.0" encoding="UTF-8"?>
<marc:record xmlns:marc="http://www.loc.gov/MARC21/slim">
   <marc:leader>00000nam a2200000 a 4500</marc:leader>
   <marc:datafield ind1="1" ind2=" " tag="100">
      <marc:subfield code="a">Rusu, Meredith</marc:subfield>
      <marc:subfield code="4">aut</marc:subfield>
      <marc:subfield code="e">Verfasser/-in</marc:subfield>
   </marc:datafield>
   <marc:datafield ind1="0" ind2="0" tag="245">
      <marc:subfield code="a">Die Stärke der Ninja</marc:subfield>
   </marc:datafield>
   <marc:datafield ind1="0" ind2="0" tag="245">
      <marc:subfield code="b">Ninjago Legacy</marc:subfield>
   </marc:datafield>
   <marc:datafield ind1="0" ind2="0" tag="245">
      <marc:subfield code="c">Meredith Rusu</marc:subfield>
   </marc:datafield>
   <marc:datafield ind1=" " ind2="1" tag="264">
      <marc:subfield code="a">München</marc:subfield>
      <marc:subfield code="b">Ameet Verlag</marc:subfield>
      <marc:subfield code="c">2019</marc:subfield>
   </marc:datafield>
   <marc:datafield ind1="1" ind2=" " tag="490">
      <marc:subfield code="a">Lego Ninjago Legacy</marc:subfield>
   </marc:datafield>
   <marc:datafield ind1="1" ind2=" " tag="520">
      <marc:subfield code="a">Spannende Geschichten um mutige Helden In der Welt von Ninjago herrscht Frieden. Doch echte Ninja stellen sich jeder Aufgabe, die ihnen begegnet: Cole muss einen Jungen aus einem gefährlichen Höhlenlabyrinth befreien, Jay muss seine Aufregung vor dem Rampenlicht einer Karaoke-Bar überwinden und Nya begegnet der bösen Gegnerin Ultra Violet. Aber ein Ninja gibt nie auf, und bezwingt jedes Hindernis, das sich ihm in den Weg stellt. - Drei Geschichten rund um das Ninja-Team und ihre neuen Abenteuer - Mit Einführung in die jüngsten Ereignisse der Ninjago Welt. (Verlagstext)</marc:subfield>
   </marc:datafield>
   <marc:datafield ind1=" " ind2=" " tag="020">
      <marc:subfield code="a">9783960803485</marc:subfield>
      <marc:subfield code="9">9783960803485</marc:subfield>
   </marc:datafield>
   <marc:datafield ind1=" " ind2=" " tag="020">
      <marc:subfield code="a">3960803486</marc:subfield>
      <marc:subfield code="9">3960803486</marc:subfield>
   </marc:datafield>
   <marc:datafield ind1=" " ind2=" " tag="500">
      <marc:subfield code="a">ab 6 J.</marc:subfield>
   </marc:datafield>
   <marc:datafield ind1=" " ind2=" " tag="300">
      <marc:subfield code="a">63 S. : Ill. (farbig)</marc:subfield>
   </marc:datafield>
</marc:record>
